000
00534nam a2200133Ia 4500
008
100328s9999 xx 000 0 und d
082
_b
11409
100
_a
देशमुख चिंतामण द्वारकानाथ
245
_a
महाकवि कालिदासाचे मेघदूत
260
_b
प्रज्ञा
630
_a
महाकवि कालिदासाचे मेघदूत
730
_a
महाकवि कालिदासाचे मेघदूत
942
_c
BOOK
999
_c
506734
_d
506731